| 000 | 00456nam a2200157Ia 4500 | ||
|---|---|---|---|
| 008 | 230917s9999||||xx |||||||||||||| ||und|| | ||
| 020 | _cRS3.5 | ||
| 040 |
_e162264 _aMAIN |
||
| 041 | _aEnglish | ||
| 082 | _a891.433721 GB959M | ||
| 100 | _aगुप्त, भैरव प्रसाद | ||
| 245 | 0 | _aमशाल | |
| 260 |
_aइलाहाबाद _bनीलाभ प्रकाशन गृह _c1957 |
||
| 300 | _a240पृ. p. | ||
| 942 | _cHN | ||
| 999 |
_c75742 _d75742 |
||